All 1k+ cities in Michigan on a Map - Statistics

General Stats
  • This quiz has been taken 15 times
  • The average score is 107 of 428
Answers on the Map
Answers color-coded by a green-red scale on the quiz's map according to % correct below.
 
Answer Stats
Population City % Correct
10,237 Alpena
80%
2,070 Auburn
80%
10,372 Cadillac
80%
1,106 Carson City
80%
4,774 Cheboygan
80%
1,252 Frankfort
80%
42,664 Midland
80%
20,459 Monroe
80%
21,705 Mount Pleasant
80%
44,207 Saginaw
80%
123,899 Ann Arbor
60%
32,665 Bay City
60%
21,814 Birmingham
60%
3,810 Boyne City
60%
2,343 Charlevoix
60%
2,527 Clinton
60%
1,265 Coleman
60%
639,534 Detroit
60%
1,363 Douglas
60%
11,409 East Grand Rapids
60%
2,664 East Tawas
60%
81,256 Flint
60%
3,161 Franklin
60%
4,285 Gaylord
60%
198,843 Grand Rapids
60%
1,851 Grayling
60%
8,810 Greenville
60%
5,670 Grosse Pointe
60%
2,150 Harrison
60%
2,051 Hart
60%
7,518 Hastings
60%
8,390 Houghton
60%
5,294 Houghton Lake
60%
7,523 Iron Mountain
60%
6,155 Ishpeming
60%
31,315 Jackson
60%
73,544 Kalamazoo
60%
112,641 Lansing
60%
6,279 Manistee
60%
21,122 Marquette
60%
8,484 Menominee
60%
1,690 Mio
60%
37,227 Muskegon
60%
9,921 Muskegon Heights
60%
4,095 North Muskegon
60%
25,037 Norton Shores
60%
5,862 Petoskey
60%
13,021 Rochester
60%
6,178 Rockford
60%
13,339 Sault Ste. Marie
60%
4,180 Sparta
60%
1,831 Tawas City
60%
15,663 Traverse City
60%
87,306 Troy
60%
139,397 Warren
60%
85,409 Westland
60%
76,523 Wyoming
60%
5,738 Zeeland
60%
20,648 Adrian
40%
27,073 Allendale
40%
28,642 Allen Park
40%
24,367 Auburn Hills
40%
1,453 Au Sable
40%
3,034 Bad Axe
40%
52,759 Battle Creek
40%
1,009 Bellaire
40%
4,009 Belleville
40%
1,808 Bessemer
40%
8,350 Big Rapids
40%
1,373 Brooklyn
40%
1,194 Burt
40%
29,703 Burton
40%
3,626 Cedar Springs
40%
9,295 Charlotte
40%
3,284 Clare
40%
10,500 Comstock Park
40%
4,806 Coopersville
40%
1,595 Crystal Falls
40%
109,961 Dearborn
40%
63,272 Dearborn Heights
40%
2,245 East Jordan
40%
48,098 East Lansing
40%
1,532 Elk Rapids
40%
12,422 Escanaba
40%
11,584 Farmington
40%
84,014 Farmington Hills
40%
1,737 Fennville
40%
19,181 Ferndale
40%
27,390 Garden City
40%
3,066 Gladwin
40%
8,098 Grand Blanc
40%
11,002 Grand Haven
40%
1,634 Greilickville
40%
10,147 Grosse Pointe Farms
40%
28,439 Hamtramck
40%
4,557 Hancock
40%
1,273 Harbor Springs
40%
34,369 Holland
40%
2,420 Hudson
40%
1,950 Indian River
40%
5,040 Ironwood
40%
16,640 Jenison
40%
2,183 Kalkaska
40%
54,320 Kentwood
40%
1,411 Kingsley
40%
1,899 L'Anse
40%
95,529 Livonia
40%
4,139 Lowell
40%
7,693 Ludington
40%
1,330 Mancelona
40%
2,836 Manistique
40%
2,419 Montague
40%
1,972 Munising
40%
2,834 Norway
40%
66,235 Novi
40%
4,116 Otsego
40%
3,490 Oxford
40%
2,077 Perry
40%
1,167 Petersburg
40%
1,200 Pinconning
40%
9,361 Plymouth
40%
61,605 Pontiac
40%
28,970 Port Huron
40%
3,783 Portland
40%
1,357 Rapid City
40%
5,877 Richmond
40%
76,321 Rochester Hills
40%
2,846 Rogers City
40%
4,170 Roosevelt Park
40%
1,359 Scottville
40%
2,168 Shelby
40%
76,607 Southfield
40%
5,283 Springfield
40%
1,340 Stanton
40%
5,465 St. Clair
40%
134,340 Sterling Heights
40%
2,735 St. Helen
40%
2,290 St. Ignace
40%
7,726 St. Johns
40%
18,544 Trenton
40%
1,706 Wakefield
40%
25,145 Walker
40%
17,712 Wayne
40%
2,342 West Branch
40%
1,476 White Cloud
40%
2,912 Whitehall
40%
5,034 Wolf Lake
40%
20,622 Ypsilanti
40%
1,534 Zilwaukee
40%
7,708 Albion
20%
4,196 Algonac
20%
5,216 Allegan
20%
9,487 Alma
20%
1,903 Baraga
20%
2,841 Bath
20%
1,188 Beaverton
20%
5,941 Belding
20%
1,347 Bellevue
20%
9,096 Benton Harbor
20%
15,192 Berkley
20%
1,838 Berrien Springs
20%
10,621 Beverly Hills
20%
4,441 Bloomfield Hills
20%
6,571 Bridgeport
20%
7,451 Brighton
20%
4,294 Buchanan
20%
5,855 Buena Vista
20%
7,431 Byron Center
20%
1,613 Caledonia
20%
3,202 Canadian Lakes
20%
2,333 Carleton
20%
4,318 Caro
20%
8,550 Center Line
20%
1,310 Centreville
20%
5,459 Chelsea
20%
2,461 Chesaning
20%
1,065 Chums Corner
20%
11,398 Clawson
20%
2,540 Clio
20%
13,418 Coldwater
20%
1,465 Coloma
20%
1,092 Concord
20%
1,988 Constantine
20%
3,050 Corunna
20%
17,849 Cutlerville
20%
5,136 Davison
20%
4,773 DeWitt
20%
1,061 Dollar Bay
20%
5,808 Dowagiac
20%
5,379 Dundee
20%
3,502 Durand
20%
34,329 Eastpointe
20%
9,334 Ecorse
20%
3,380 Essexville
20%
1,753 Evart
20%
11,984 Fenton
20%
2,950 Ferrysburg
20%
10,543 Flat Rock
20%
8,412 Flushing
20%
28,573 Forest Hills
20%
1,233 Fowler
20%
2,953 Fowlerville
20%
7,630 Freeland
20%
4,497 Fremont
20%
5,000 Gibraltar
20%
5,232 Gladstone
20%
7,797 Grand Ledge
20%
16,077 Grandville
20%
11,603 Grosse Pointe Park
20%
16,477 Grosse Pointe Woods
20%
1,604 Harbor Beach
20%
15,508 Harper Woods
20%
2,514 Hartford
20%
3,244 Harvey
20%
19,670 Haslett
20%
8,981 Highland Park
20%
8,033 Hillsdale
20%
5,992 Holly
20%
25,625 Holt
20%
10,070 Howell
20%
7,608 Hudsonville
20%
6,387 Huntington Woods
20%
3,692 Imlay City
20%
26,077 Inkster
20%
13,367 Ionia
20%
3,004 Iron River
20%
2,857 Ithaca
20%
1,290 Kent City
20%
2,587 Kincheloe
20%
5,136 Kingsford
20%
3,064 K. I. Sawyer
20%
1,427 Laingsburg
20%
1,890 Lake Isabella
20%
1,033 Lake Linden
20%
1,044 Lakes of the North
20%
9,043 Lapeer
20%
4,089 Lathrup Village
20%
1,021 Lawrence
20%
1,938 Leslie
20%
40,253 Lincoln Park
20%
4,143 Linden
20%
1,377 Luna Pier
20%
2,084 Manchester
20%
1,260 Manton
20%
4,074 Marine City
20%
6,869 Marshall
20%
9,996 Marysville
20%
8,282 Mason
20%
12,858 Melvindale
20%
6,081 Milan
20%
6,520 Milford
20%
1,742 Montrose
20%
3,169 Mount Morris
20%
1,131 Napoleon
20%
1,573 Nashville
20%
4,617 Negaunee
20%
2,462 Newaygo
20%
12,107 New Baltimore
20%
1,450 Newberry
20%
6,103 New Haven
20%
11,987 Niles
20%
15,301 Northview
20%
6,108 Northville
20%
25,121 Okemos
20%
1,630 Olivet
20%
1,263 Ontonagon
20%
1,483 Ovid
20%
14,708 Owosso
20%
3,371 Paw Paw
20%
1,219 Pigeon
20%
2,398 Pinckney
20%
3,791 Plainwell
20%
48,882 Portage
20%
3,054 Potterville
20%
1,556 Quincy
20%
1,339 Ravenna
20%
1,095 Reading
20%
2,481 Reed City
20%
3,243 Rockwood
20%
3,764 Romeo
20%
25,169 Romulus
20%
47,714 Roseville
20%
58,198 Royal Oak
20%
1,488 Shepherd
20%
7,035 Shields
20%
3,082 Skidway Lake
20%
30,016 Southgate
20%
3,958 South Haven
20%
11,744 South Lyon
20%
2,916 Spring Arbor
20%
2,533 Spring Lake
20%
1,460 Standish
20%
1,998 St. Charles
20%
58,877 St. Clair Shores
20%
1,161 Stevensville
20%
8,075 St. Joseph
20%
1,238 Stockbridge
20%
11,131 Sturgis
20%
5,896 Swartz Creek
20%
8,671 Tecumseh
20%
7,979 Three Rivers
20%
1,724 Union City
20%
5,236 Utica
20%
4,579 Vandercook Lake
20%
2,734 Vassar
20%
7,236 Walled Lake
20%
1,657 Watervliet
20%
23,812 Waverly
20%
4,431 Wayland
20%
1,308 Webberville
20%
2,552 West Ishpeming
20%
9,621 Westwood
20%
7,584 Whitmore Lake
20%
3,806 Williamston
20%
12,936 Woodhaven
20%
1,899 Yale
20%
2,832 Almont
0%
2,685 Argentine
0%
1,706 Armada
0%
2,012 Bangor
0%
8,840 Beecher
0%
3,121 Beechwood
0%
3,652 Benton Heights
0%
1,092 Bingham Farms
0%
1,559 Birch Run
0%
3,327 Blissfield
0%
1,289 Breckenridge
0%
2,094 Bridgman
0%
2,309 Bronson
0%
1,303 Brown City
0%
2,021 Brownlee Park
0%
1,988 Capac
0%
2,517 Cass City
0%
1,735 Cassopolis
0%
1,210 Colon
0%
5,562 Comstock Northwest
0%
2,306 Croswell
0%
1,694 Decatur
0%
1,957 Detroit Beach
0%
4,502 Dexter
0%
1,181 Dimondale
0%
3,520 Dorr
0%
1,033 Dryden
0%
6,366 Eastwood
0%
5,213 Eaton Rapids
0%
2,326 Edgemont Park
0%
1,225 Edmore
0%
1,305 Edwardsburg
0%
7,402 Fair Plain
0%
5,005 Frankenmuth
0%
14,727 Fraser
0%
1,099 Fruitport
0%
2,057 Galesburg
0%
2,020 Goodrich
0%
1,112 Grass Lake
0%
1,784 Gwinn
0%
14,989 Hazel Park
0%
1,408 Hemlock
0%
1,593 Homer
0%
1,831 Howard City
0%
2,182 Jonesville
0%
2,759 Keego Harbor
0%
5,905 Lake Fenton
0%
1,571 Lake LeAnn
0%
1,101 Lake Michigan Beach
0%
2,049 Lake Odessa
0%
2,893 Lake Orion
0%
1,018 Lakeview
0%
1,333 Lakewood Club
0%
10,433 Lambertville
0%
1,094 Lamont
0%
1,877 Laurium
0%
1,889 Lawton
0%
3,260 Level Park-Oak Park
0%
1,395 Litchfield
0%
28,463 Madison Heights
0%
2,032 Manitou Beach-Devils Lake
0%
1,075 Marcellus
0%
1,856 Marlette
0%
2,560 Mattawan
0%
1,077 Memphis
0%
4,609 Michigan Center
0%
4,249 Middleville
0%
1,025 Millington
0%
2,276 Morenci
0%
15,699 Mount Clemens
0%
1,707 New Buffalo
0%
1,108 North Branch
0%
29,574 Oak Park
0%
1,000 Onsted
0%
2,226 Orchard Lake Village
0%
1,355 Ortonville
0%
1,926 Parchment
0%
3,323 Paw Paw Lake
0%
4,698 Pearl Beach
0%
2,634 Pleasant Ridge
0%
1,643 Prudenville
0%
1,083 Quinnesec
0%
1,286 Reese
0%
7,210 River Rouge
0%
12,496 Riverview
0%
8,942 Saline
0%
1,418 Sand Lake
0%
2,710 Sandusky
0%
1,373 Saranac
0%
1,469 Schoolcraft
0%
1,737 Sebewaing
0%
1,249 Shorewood-Tower Hills-Harbert
0%
1,179 South Gull Lake
0%
6,468 South Monroe
0%
1,595 South Rockwood
0%
7,460 St. Louis
0%
1,784 Stony Point
0%
1,712 Sylvan Lake
0%
63,393 Taylor
0%
9,188 Temperance
0%
1,420 Three Oaks
0%
2,287 Trowbridge Park
0%
2,056 Twin Lake
0%
3,810 Vicksburg
0%
2,650 Village of Grosse Pointe Shores
0%
1,532 Wacousta
0%
3,227 West Monroe
0%
1,727 White Pigeon
0%
17,192 Wixom
0%
4,520 Wolverine Lake
0%
1,899 Woodland Beach
0%
25,042 Wyandotte
0%
No matching quizzes found
Score Distribution
Percent of People with Each Score
Percentile by Number Answered
Your Score History
You have not taken this quiz